[Event "Women European Club Cup 2015"]
[Site "Skopje MKD"]
[Date "2015.10.23"]
[Round "6"]
[White "Batsiashvili, Nino"]
[Black "Azimova, Karina"]
[Result "1-0"]
[WhiteElo "2500"]
[BlackElo "2054"]
[PlyCount "81"]
[EventDate "2015.10.18"]

1. d4 Nf6 2. c4 d6 3. Nf3 g6 4. g3 Bf5 5. Bg2 Bg7 6. Nc3 Ne4 7. Nh4 Nxc3 8.
bxc3 Bc8 9. O-O O-O 10. e4 c5 11. Be3 Qc7 12. Qd3 Nc6 13. f4 Na5 14. Rac1 Be6
15. d5 Bc8 16. Nf3 b6 17. Nd2 Ba6 18. Bf3 Qd7 19. Bd1 Rad8 20. a4 Qe8 21. f5
Qd7 22. h4 Kh8 23. Kg2 h6 24. Bc2 Bc8 25. Rf3 Kg8 26. Rcf1 f6 27. fxg6 Qh3+ 28.
Kg1 Qg4 29. Bf4 Qxg6 30. Qe3 h5 31. Kh2 Kh8 32. Bd3 Qg4 33. R1f2 Bd7 34. Bc2
Qg6 35. Rf1 Rg8 36. Rc1 Qe8 37. e5 dxe5 38. Bxe5 Qf8 39. Rcf1 Bh6 40. Rxf6 exf6
41. Rxf6 1-0

[Event "Women European Club Cup 2015"]
[Site "Skopje MKD"]
[Date "2015.10.23"]
[Round "6"]
[White "Gunina, Valentina"]
[Black "Haast, Anne"]
[Result "1-0"]
[WhiteElo "2529"]
[BlackElo "2384"]
[PlyCount "101"]
[EventDate "2015.10.18"]
[EventType "team"]
[WhiteTeam "SHSM LEGACY SQUARE (RUS)"]
[BlackTeam "DE STUKKENJAGERS (NED)"]

1. c4 Nf6 2. Nc3 g6 3. d4 Bg7 4. e4 d6 5. f3 O-O 6. Nge2 c5 7. Be3 Qa5 8. Nc1
cxd4 9. Nb3 Qc7 10. Nxd4 a6 11. Be2 e6 12. O-O b6 13. Qd2 Rd8 14. Rac1 Bb7 15.
Rfd1 Nbd7 16. b4 Rac8 17. Bf1 Qb8 18. Nb3 Qa8 19. Na4 Rc6 20. Qf2 b5 21. cxb5
axb5 22. Bxb5 Rxc1 23. Rxc1 d5 24. Nb6 Nxb6 25. Bxb6 Rc8 26. e5 Rxc1+ 27. Nxc1
Nh5 28. Nd3 Ba6 29. Bxa6 Qxa6 30. Qe3 Bh6 31. Qxh6 Qxb6+ 32. Kf1 Qa6 33. Ke2
Qxa2+ 34. Qd2 Qa6 35. g4 Ng7 36. Qg5 h5 37. h3 Qa2+ 38. Ke3 Qa7+ 39. Ke2 Qa2+
40. Qd2 Qa6 41. Qc2 hxg4 42. hxg4 Ne8 43. Qc5 Qb7 44. Ke3 Nc7 45. Qe7 Qa7+ 46.
Nc5 Qa3+ 47. Kf2 Qb2+ 48. Kf1 Qxe5 49. Nd7 Qf4 50. Kg2 g5 51. Nf6+ 1-0

[Event "Women European Club Cup 2015"]
[Site "Skopje MKD"]
[Date "2015.10.24"]
[Round "7"]
[White "Dzagnidze, Nana"]
[Black "Stetsko, Lanita"]
[Result "1/2-1/2"]
[WhiteElo "2573"]
[BlackElo "2278"]
[PlyCount "110"]
[EventDate "2015.10.18"]
[WhiteTeam "NONA (GEO)"]
[BlackTeam "BOSSA NOVA (BLR)"]

1. d4 Nf6 2. c4 e6 3. Nf3 d5 4. Nc3 Bb4 5. cxd5 exd5 6. Bg5 h6 7. Bh4 g5 8. Bg3
Ne4 9. Nd2 Nxg3 10. hxg3 c6 11. a3 Bf8 12. e4 Bg7 13. Qf3 Be6 14. Bd3 Bxd4 15.
Kf1 Qf6 16. exd5 cxd5 17. Nb5 Na6 18. Qe2 Bxb2 19. Rb1 Kf8 20. Nf3 Nc5 21. Qxb2
Qxb2 22. Rxb2 Nxd3 23. Rc2 Rc8 24. Rxc8+ Bxc8 25. Ke2 Nc5 26. Nxa7 Kg7 27. Nxc8
Rxc8 28. Nd4 Re8+ 29. Kd1 Ne4 30. Rf1 Ra8 31. Nc2 Kf6 32. g4 Nd6 33. Rh1 Kg6
34. Rh3 f5 35. gxf5+ Nxf5 36. Rb3 Nd6 37. Ne3 Nc4 38. Rxb7 Rxa3 39. Nxc4 dxc4
40. Rc7 Ra2 41. Ke1 Rc2 42. g4 Kf6 43. Kd1 Rxf2 44. Rxc4 Ke5 45. Ke1 Rf4 46.
Rc6 Rxg4 47. Rxh6 Rf4 48. Rh8 Ke6 49. Rg8 Rf5 50. Ra8 Kf6 51. Rf8+ Kg6 52. Rxf5
Kxf5 53. Kf1 Ke5 54. Kg2 Kf4 55. Kf2 Kg4 1/2-1/2

[Event "Women European Club Cup 2015"]
[Site "Skopje MKD"]
[Date "2015.10.24"]
[Round "7"]
[White "Popova, Natalija"]
[Black "Khotenashvili, Bela"]
[Result "0-1"]
[WhiteElo "2257"]
[BlackElo "2502"]
[PlyCount "64"]
[EventDate "2015.10.18"]
[WhiteTeam "BOSSA NOVA (BLR)"]
[BlackTeam "NONA (GEO)"]

1. e4 e5 2. Nf3 Nc6 3. Nc3 Nf6 4. Be2 d5 5. exd5 Nxd5 6. O-O Nxc3 7. bxc3 Bd6
8. d4 O-O 9. Rb1 Qf6 10. Be3 h6 11. dxe5 Nxe5 12. Bd4 c5 13. Bxe5 Bxe5 14. Nxe5
Qxe5 15. c4 Rb8 16. Bf3 Be6 17. Re1 Qc3 18. Bd5 Rbd8 19. Re3 Qa5 20. Rxb7 Bxd5
21. cxd5 Qxa2 22. Re5 Rd6 23. h3 a5 24. Kh2 Qc4 25. Qf3 g6 26. Ra7 a4 27. Qe3
Kg7 28. g3 Qxc2 29. Rc7 Rf6 30. Kg2 Qb2 31. Rxc5 a3 32. Ra5 a2 0-1

[Event "Women European Club Cup 2015"]
[Site "Skopje MKD"]
[Date "2015.10.24"]
[Round "7"]
[White "Socko, Monika"]
[Black "Gunina, Valentina"]
[Result "0-1"]
[WhiteElo "2443"]
[BlackElo "2529"]
[PlyCount "68"]
[EventDate "2015.10.18"]
[WhiteTeam "ASD CIRCOLO SCACCHI R.FISCHER CHIETI (IT"]
[BlackTeam "SHSM LEGACY SQUARE (RUS)"]

1. d4 d5 2. c4 c6 3. e3 Nf6 4. Nf3 Bf5 5. Nc3 e6 6. Nh4 Bg6 7. Nxg6 hxg6 8. Bd2
Nbd7 9. Qc2 Bd6 10. h3 O-O 11. O-O-O Rc8 12. Kb1 c5 13. cxd5 exd5 14. Bb5 cxd4
15. exd4 Ne4 16. f3 Nxd2+ 17. Rxd2 Bb4 18. Bxd7 Qxd7 19. Rd3 Rc4 20. Qd2 Rfc8
21. Rc1 Ba5 22. Qg5 b5 23. Re1 Bxc3 24. Rxc3 Rxc3 25. bxc3 b4 26. cxb4 Qa4 27.
Qd2 Rc4 28. Rd1 Rxb4+ 29. Ka1 Rc4 30. Kb2 Qb5+ 31. Ka1 Qc6 32. Rb1 Rc2 33. Qa5
Kh7 34. g4 Qc4 0-1

[Event "Women European Club Cup 2015"]
[Site "Skopje MKD"]
[Date "2015.10.24"]
[Round "7"]
[White "Kosteniuk, Alexandra"]
[Black "Zimina, Olga"]
[Result "1-0"]
[WhiteElo "2525"]
[BlackElo "2378"]
[PlyCount "171"]
[EventDate "2015.10.18"]
[WhiteTeam "SHSM LEGACY SQUARE (RUS)"]
[BlackTeam "ASD CIRCOLO SCACCHI R.FISCHER CHIETI (IT"]

1. c4 c6 2. d4 d5 3. cxd5 cxd5 4. Bf4 Nc6 5. e3 Nf6 6. Nc3 Qb6 7. Bd3 Bg4 8.
Nge2 e6 9. f3 Bh5 10. O-O Be7 11. Nb5 Rc8 12. Nd6+ Bxd6 13. Bxd6 Nxd4 14. Qa4+
Nd7 15. Qxd4 Qxd6 16. Qxg7 Qe5 17. Qh6 Rg8 18. e4 dxe4 19. Bxe4 Nf6 20. Rac1
Ke7 21. Ng3 Bg6 22. Qd2 b6 23. Qb4+ Qd6 24. Qa4 a5 25. Rcd1 Qc5+ 26. Kh1 Rgd8
27. a3 Rxd1 28. Qxd1 Rd8 29. Qe2 Kf8 30. f4 Nxe4 31. Nxe4 Qd4 32. Ng5 Qd3 33.
Qe1 Rc8 34. Rg1 Rc5 35. Nf3 Be4 36. Ne5 Qd4 37. Nd7+ Qxd7 38. Qxe4 Kg7 39. b4
Qd5 40. Qe3 axb4 41. axb4 Rc6 42. h3 b5 43. Rf1 Rc2 44. Rf3 Kf8 45. f5 Qd1+ 46.
Kh2 Qd6+ 47. Kg1 Qd1+ 48. Rf1 Qd5 49. Qh6+ Ke8 50. Qg5 Kf8 51. Kh1 Rd2 52. Qh6+
Ke8 53. Qg7 exf5 54. Re1+ Kd7 55. Re5 Qc4 56. Rxf5 Rd1+ 57. Kh2 Qc7+ 58. Qe5
Qxe5+ 59. Rxe5 Rb1 60. Rxb5 Ke7 61. Kg3 Kf6 62. Kf3 Rb2 63. h4 Ke6 64. Rb6+ Ke5
65. h5 Kf5 66. Rb5+ Ke6 67. g4 Kf6 68. g5+ Ke6 69. Ke4 Rd2 70. Rb6+ Ke7 71. Ke5
Rg2 72. Rb7+ Kf8 73. Rb8+ Ke7 74. Rb7+ Kf8 75. b5 Kg7 76. Kf4 Rf2+ 77. Kg3 Rb2
78. Rb6 Rb4 79. h6+ Kf8 80. Rb8+ Ke7 81. b6 Ke6 82. b7 Kf5 83. g6 Rb3+ 84. Kf2
Rb2+ 85. Ke3 Rb3+ 86. Kd4 1-0

[Event "Chinese League (Division A) 2015"]
[Site "China CHN"]
[Date "2015.10.28"]
[Round "16"]
[White "Ju, Wenjun"]
[Black "Lei, Tingjie"]
[Result "0-1"]
[WhiteElo "2557"]
[BlackElo "2444"]
[PlyCount "102"]
[EventDate "2015.04.10"]
[WhiteTeam "Shanghai"]
[BlackTeam "Hangzhou"]

1. d4 Nf6 2. c4 g6 3. g3 c6 4. Bg2 d5 5. e3 Bg7 6. Ne2 O-O 7. O-O a5 8. b3 b5
9. Nd2 Ba6 10. Bb2 Nbd7 11. Rc1 bxc4 12. bxc4 Nb6 13. c5 Nbd7 14. Re1 Qc7 15.
Bc3 Rfb8 16. Rb1 Rxb1 17. Qxb1 e5 18. Qa1 exd4 19. Bxd4 Ne8 20. Qc3 Bxe2 21.
Rxe2 Qb7 22. e4 Qb5 23. Re1 Bxd4 24. Qxd4 Qxc5 25. Qxc5 Nxc5 26. exd5 cxd5 27.
Bxd5 Rd8 28. Bc4 Kf8 29. Nb3 Nxb3 30. Bxb3 Rd4 31. Re5 a4 32. Bc2 Rc4 33. Bd3
Rd4 34. Bf1 Nd6 35. Re3 Ne4 36. Ra3 Rb4 37. Bd3 Nc5 38. Be2 Ke7 39. h4 Kd6 40.
h5 Ke5 41. Kg2 f5 42. Rc3 Ne4 43. Rc7 Rb2 44. Kf1 Rb1+ 45. Kg2 Rb2 46. Kf1 gxh5
47. a3 h4 48. gxh4 f4 49. Re7+ Kd5 50. Rf7 Ke5 51. Re7+ Kd5 0-1

[Event "Chinese League (Division A) 2015"]
[Site "China CHN"]
[Date "2015.10.28"]
[Round "16"]
[White "Zhao, Xue"]
[Black "Zhu, Jiner"]
[Result "1-0"]
[WhiteElo "2527"]
[BlackElo "1989"]
[PlyCount "67"]
[EventDate "2015.04.10"]
[WhiteTeam "Beijing"]
[BlackTeam "Zhejiang"]

1. c4 Nf6 2. Nf3 g6 3. g3 Bg7 4. d4 O-O 5. Bg2 d6 6. Nc3 Nc6 7. O-O Bf5 8. Ne1
e5 9. d5 Ne7 10. e4 Bd7 11. Nd3 c5 12. f4 Qc7 13. Nxe5 dxe5 14. d6 Qc6 15. dxe7
Rfe8 16. f5 h6 17. g4 g5 18. h4 gxh4 19. g5 hxg5 20. Bxg5 Nh7 21. Bxh4 Qh6 22.
Qg4 f6 23. Nd5 Bc6 24. Nc7 Rac8 25. Nxe8 Rxe8 26. Rad1 Rxe7 27. Rd8+ Nf8 28.
Rd6 Kf7 29. Be1 Rd7 30. Bd2 Qh8 31. Rxd7+ Nxd7 32. Rf3 Bf8 33. Qg6+ Ke7 34. Rh3
1-0

[Event "Chinese League (Division A) 2015"]
[Site "China CHN"]
[Date "2015.10.29"]
[Round "17"]
[White "Lei, Tingjie"]
[Black "Zhao, Xue"]
[Result "1-0"]
[WhiteElo "2444"]
[BlackElo "2527"]
[PlyCount "82"]
[EventDate "2015.04.10"]
[WhiteTeam "Hangzhou"]
[BlackTeam "Beijing"]

1. d4 Nf6 2. c4 e6 3. Nf3 b6 4. Nc3 Bb7 5. a3 d5 6. cxd5 Nxd5 7. e3 Be7 8. Bb5+
c6 9. Bd3 Nd7 10. O-O c5 11. e4 Nxc3 12. bxc3 O-O 13. Bf4 Qc8 14. Qe2 Re8 15.
a4 a6 16. Rfd1 Bf8 17. Qb2 f6 18. Bg3 c4 19. Bc2 e5 20. dxe5 fxe5 21. Nd2 Bc5
22. Nxc4 Qc7 23. Rxd7 Qxd7 24. Nxe5 Qe7 25. Bb3+ Kf8 26. Qe2 g6 27. Qd2 Kg7 28.
Nf7 g5 29. Nxg5 Qf6 30. Qd7+ Re7 31. Qg4 Kh8 32. Nf7+ Rxf7 33. Bxf7 Rf8 34. Bc4
Bxf2+ 35. Bxf2 Qxf2+ 36. Kh1 Qb2 37. Rf1 Rxf1+ 38. Bxf1 Qxc3 39. Qf5 Qc8 40.
Qf6+ Kg8 41. e5 Bc6 1-0

[Event "Chinese League (Division A) 2015"]
[Site "China CHN"]
[Date "2015.10.30"]
[Round "18"]
[White "Ju, Wenjun"]
[Black "Zhou, Guijue"]
[Result "1-0"]
[WhiteElo "2557"]
[BlackElo "2175"]
[PlyCount "69"]
[EventDate "2015.04.10"]
[WhiteTeam "Shanghai"]
[BlackTeam "Qingdao"]

1. d4 Nf6 2. c4 e6 3. g3 d5 4. Nf3 dxc4 5. Bg2 a6 6. O-O b5 7. Ne5 c6 8. b3
cxb3 9. Nxc6 Qb6 10. Na5 Ra7 11. Nxb3 Rd7 12. e4 Bb7 13. Qe2 Be7 14. g4 O-O 15.
g5 Ne8 16. Be3 Qd8 17. h4 Nc6 18. Rd1 Na5 19. N1d2 Bb4 20. Nxa5 Bxa5 21. Nb3
Bb6 22. Nc5 Bxc5 23. dxc5 Rxd1+ 24. Rxd1 Qa8 25. Bd4 Bc6 26. h5 Qb8 27. Qe3 e5
28. Qg3 f6 29. gxf6 Nxf6 30. Bxe5 Qe8 31. h6 g6 32. Bxf6 Rxf6 33. Rd6 Rxd6 34.
Qxd6 Qd7 35. e5 1-0

[Event "Chinese League (Division A) 2015"]
[Site "China CHN"]
[Date "2015.10.30"]
[Round "18"]
[White "Zhao, Xue"]
[Black "Xu, Huahua"]
[Result "1-0"]
[WhiteElo "2527"]
[BlackElo "2105"]
[PlyCount "159"]
[EventDate "2015.04.10"]
[WhiteTeam "Beijing"]
[BlackTeam "Shandong"]

1. d4 d5 2. c4 dxc4 3. Nc3 Nf6 4. e4 e5 5. Nf3 exd4 6. Qxd4 Qxd4 7. Nxd4 Bc5 8.
Ndb5 Na6 9. Bf4 Be6 10. Bxc7 O-O 11. f3 Nb4 12. O-O-O a6 13. Nd4 b5 14. Nxe6
fxe6 15. a4 Rfc8 16. Bd6 Nd3+ 17. Bxd3 Bxd6 18. Be2 Bf4+ 19. Kb1 b4 20. Na2 a5
21. Rd4 c3 22. bxc3 Be5 23. Rc4 bxc3 24. Kc2 Nd7 25. Rb1 Bxh2 26. Nxc3 Ne5 27.
Rxc8+ Rxc8 28. Ba6 Rc7 29. Kb3 Bf4 30. Rd1 h5 31. Nb5 Rc4 32. Nd4 Rb4+ 33. Kc3
Rxa4 34. Nc2 Nc6 35. Kb3 Rb4+ 36. Nxb4 axb4 37. Bb5 Ne5 38. Kxb4 h4 39. Be2 Kf7
40. Kc3 Kf6 41. Rd8 Ng6 42. Kc2 Be3 43. Bf1 Bb6 44. Rb8 Bf2 45. Kd2 Nf4 46.
Rf8+ Kg5 47. Rf7 g6 48. Rb7 Bd4 49. Rb5+ e5 50. Kc2 Nh5 51. Ra5 Kf4 52. Ra6 g5
53. Rg6 Ng3 54. Ba6 Ke3 55. Bc8 Kf2 56. Bh3 Be3 57. Re6 Bf4 58. Kd3 Ne2 59. Ra6
Ng1 60. Ra2+ Kg3 61. Bg4 Kh2 62. Kc4 Kg3 63. Kd5 Kh2 64. Ke6 Kg3 65. Kf5 Kh2
66. Bh5 Kg3 67. Rc2 Kh2 68. Kg4 Kh1 69. Be8 Be3 70. Bb5 Bf4 71. Bf1 Be3 72. g3
hxg3 73. Kxg3 Bf4+ 74. Kg4 Be3 75. Rc7 Bf4 76. Rh7+ Bh2 77. Bc4 Kg2 78. Rxh2+
Kxh2 79. Bf1 Kh1 80. Kg3 1-0

[Event "Chinese League (Division A) 2015"]
[Site "China CHN"]
[Date "2015.10.30"]
[Round "18"]
[White "Khotenashvili, Bela"]
[Black "Li, Xueyi"]
[Result "0-1"]
[WhiteElo "2513"]
[BlackElo "2190"]
[PlyCount "180"]
[EventDate "2015.04.10"]
[WhiteTeam "Tianjing"]
[BlackTeam "Guangdong"]

1. Nf3 d5 2. g3 c6 3. Bg2 Bg4 4. d3 Nd7 5. h3 Bxf3 6. Bxf3 e5 7. Bg2 Ngf6 8.
O-O Bd6 9. c4 O-O 10. cxd5 cxd5 11. Nc3 d4 12. Nb5 Be7 13. a4 a6 14. Na3 Rb8
15. Nc4 b6 16. Bd2 h5 17. b4 h4 18. g4 Ne8 19. b5 axb5 20. axb5 Nd6 21. Nxd6
Bxd6 22. Ra7 Nc5 23. f4 exf4 24. Rxf4 Bxf4 25. Bxf4 Ne6 26. Bd2 Qd6 27. Qe1 Nf4
28. Bxf4 Qxf4 29. Qf2 Qc1+ 30. Kh2 Qc5 31. Bc6 Rbd8 32. Kg2 Rd6 33. Qxh4 Rxc6
34. bxc6 Qxc6+ 35. Kf2 b5 36. Qe7 Qh1 37. Kg3 Qg1+ 38. Kf3 Qh2 39. h4 Qh3+ 40.
Kf4 Qg2 41. Rb7 Qf2+ 42. Ke5 Qxe2+ 43. Kd6 Qh2+ 44. Kd7 Qf4 45. g5 Qf5+ 46. Kc6
Qxd3 47. h5 Qf3+ 48. Kxb5 Qxh5 49. Kc4 Qg4 50. Rc7 Qf5 51. Rc5 Rc8 52. Rxc8+
Qxc8+ 53. Kxd4 Qf5 54. Kc3 Kh7 55. Kb2 Kg6 56. Qd6+ Kxg5 57. Qg3+ Kh6 58. Qh2+
Qh5 59. Qf4+ g5 60. Qf6+ Kh7 61. Qf5+ Qg6 62. Qg4 f5 63. Qh3+ Kg7 64. Ka1 g4
65. Qe3 Qf6+ 66. Kb1 f4 67. Qd2 Kg6 68. Ka2 f3 69. Qd3+ Kg5 70. Qd2+ Kf5 71.
Qc2+ Kf4 72. Qc1+ Ke4 73. Qe1+ Kd5 74. Qa5+ Ke6 75. Qb6+ Kf7 76. Qf2 Qe6+ 77.
Ka3 Qd6+ 78. Ka2 Qd5+ 79. Ka3 Qd3+ 80. Kb4 Qe4+ 81. Kc3 Kg6 82. Qb6+ Kf5 83.
Qh6 Qe5+ 84. Kd3 Qe2+ 85. Kd4 f2 86. Qf8+ Kg5 87. Qd8+ Kf4 88. Qc7+ Kf3 89.
Qb7+ Kg3 90. Qc7+ Kg2 0-1

[Event "Chinese League (Division A) 2015"]
[Site "China CHN"]
[Date "2015.10.28"]
[Round "16"]
[White "Ren, Xiaoyi"]
[Black "Khotenashvili, Bela"]
[Result "0-1"]
[WhiteElo "2211"]
[BlackElo "2513"]
[PlyCount "122"]
[EventDate "2015.04.10"]
[WhiteTeam "Chengdu"]
[BlackTeam "Tianjing"]

1. d4 Nf6 2. c4 g6 3. Nf3 Bg7 4. Bf4 O-O 5. Nc3 d6 6. Rc1 Nbd7 7. e3 c6 8. Be2
Nh5 9. Bg5 Qe8 10. d5 c5 11. O-O a6 12. a3 h6 13. Bh4 f5 14. b4 b6 15. Ne1 Ndf6
16. f4 e5 17. dxe6 Qxe6 18. Bf3 Rb8 19. Nd5 Kh7 20. Nc2 Bb7 21. Qd3 b5 22. Rfd1
Ne4 23. Bxe4 fxe4 24. Qd2 Rf7 25. Nb6 Bf8 26. bxc5 dxc5 27. Nd7 Rc8 28. Nxf8+
Rcxf8 29. Qd6 Qxd6 30. Rxd6 bxc4 31. Rb1 Ng7 32. g4 h5 33. h3 hxg4 34. hxg4 Bc8
35. Rc6 Bxg4 36. Rxc5 Nf5 37. Be1 Be2 38. Bc3 Bd3 39. Rb2 g5 40. Ne1 Rd8 41.
Rh2+ Kg6 42. Rg2 Kh7 43. Rh2+ Kg6 44. Rg2 Kh7 45. fxg5 Kg6 46. Bf6 Rd6 47. Rh2
Rb6 48. Nxd3 cxd3 49. Bc3 Rb1+ 50. Kf2 Nh4+ 51. Bf6 Rb2+ 52. Kg3 Nf5+ 53. Rxf5
Rxh2 54. Rd5 Rc2 55. Kf4 Rc4 56. Rd8 Rxf6+ 57. gxf6 Kxf6 58. Rd6+ Ke7 59. Rd5
Ke6 60. Rd8 Ra4 61. Re8+ Kd5 0-1

[Event "Chinese League (Division A) 2015"]
[Site "China CHN"]
[Date "2015.10.29"]
[Round "17"]
[White "Zhou, Guijue"]
[Black "Khotenashvili, Bela"]
[Result "0-1"]
[WhiteElo "2175"]
[BlackElo "2513"]
[PlyCount "92"]
[EventDate "2015.04.10"]
[WhiteTeam "Qingdao"]
[BlackTeam "Tianjing"]

1. d4 Nf6 2. Nc3 d5 3. Bg5 Nbd7 4. Nf3 c6 5. e3 Qb6 6. Rb1 g6 7. Bd3 Bg7 8. O-O
O-O 9. Qd2 Re8 10. Bxf6 Bxf6 11. e4 dxe4 12. Bxe4 Bg7 13. Na4 Qc7 14. c4 Nf6
15. Bd3 Bg4 16. Ne5 Rad8 17. h3 Bc8 18. Nf3 Nh5 19. Bc2 Bxd4 20. Nxd4 e5 21.
Rfe1 Ng7 22. Rbd1 Rxd4 23. Qc3 Ne6 24. b3 Red8 25. Nb2 Nf4 26. Nd3 Nxd3 27.
Rxd3 Rxd3 28. Bxd3 Rd4 29. Bc2 c5 30. Qe3 f6 31. Be4 Kg7 32. h4 Be6 33. h5 b6
34. hxg6 hxg6 35. g3 Qd6 36. Bg2 Rd1 37. Rxd1 Qxd1+ 38. Kh2 Bf5 39. Be4 Qd4 40.
Bxf5 Qxe3 41. fxe3 gxf5 42. Kh3 Kh6 43. Kh4 Kg6 44. a3 a5 45. a4 Kh6 46. g4 f4
0-1

[Event "Women European Team Championship 2015"]
[Site "Reykjavik ISL"]
[Date "2015.11.13"]
[Round "1"]
[White "Havlikova, Kristyna"]
[Black "Dzagnidze, Nana"]
[Result "0-1"]
[WhiteElo "2323"]
[BlackElo "2566"]
[PlyCount "73"]
[EventDate "2015.11.13"]
[WhiteTeam "Czech Republic"]
[BlackTeam "Georgia"]

1. e4 c5 2. Nf3 e6 3. d4 cxd4 4. Nxd4 a6 5. Bd3 Nf6 6. O-O Qc7 7. Qe2 d6 8. c4
g6 9. Nc3 Bg7 10. Nf3 O-O 11. Rd1 Nbd7 12. h3 b6 13. Bf4 Nh5 14. Be3 Bb7 15.
Rac1 Rac8 16. Qd2 Nc5 17. Bb1 Bxc3 18. Qxc3 Nxe4 19. Qd4 Nhf6 20. Qxb6 Qe7 21.
Qb4 Rfd8 22. Bd4 Nc5 23. Nd2 e5 24. Be3 Ne6 25. Bd3 Nh5 26. Be4 Rb8 27. Qa3
Nhf4 28. Bxf4 Nxf4 29. Kf1 Bxe4 30. Nxe4 Qb7 31. Nf6+ Kg7 32. Nd5 Qxb2 33. Qxb2
Rxb2 34. Nxf4 exf4 35. c5 Re8 36. cxd6 Ree2 37. d7 0-1

[Event "Women European Team Championship 2015"]
[Site "Reykjavik ISL"]
[Date "2015.11.13"]
[Round "1"]
[White "Sikorova, Olga"]
[Black "Batsiashvili, Nino"]
[Result "1/2-1/2"]
[WhiteElo "2230"]
[BlackElo "2509"]
[PlyCount "81"]
[EventDate "2015.11.13"]
[WhiteTeam "Czech Republic"]
[BlackTeam "Georgia"]

1. e4 c6 2. Nc3 d5 3. Nf3 Nf6 4. e5 Ne4 5. d4 Nxc3 6. bxc3 Bg4 7. h3 Bxf3 8.
Qxf3 e6 9. Rb1 b5 10. Bd2 Nd7 11. Bd3 Be7 12. Qg3 g6 13. h4 Nb6 14. h5 g5 15.
h6 Nc4 16. Bxc4 dxc4 17. a4 a6 18. Rh5 Rg8 19. f4 bxa4 20. fxg5 a3 21. Qf3 Qd5
22. Ke2 Rc8 23. Qxd5 exd5 24. Bc1 Kd7 25. Ra1 Rb8 26. Bxa3 Rxg5 27. Rxg5 Bxg5
28. Bd6 Ra8 29. Rb1 a5 30. Rb7+ Ke6 31. Rc7 Ra6 32. Ba3 Bd8 33. Rc8 Kd7 34. Rb8
Rb6 35. Ra8 Rb7 36. g4 Rb1 37. Ra7+ Ke6 38. Ra8 Kd7 39. Ra7+ Ke6 40. Ra8 Kd7
41. Ra7+ 1/2-1/2

[Event "Women European Team Championship 2015"]
[Site "Reykjavik ISL"]
[Date "2015.11.13"]
[Round "1"]
[White "Lagno, Kateryna"]
[Black "Botsari, Anna-Maria"]
[Result "1/2-1/2"]
[WhiteElo "2523"]
[BlackElo "2324"]
[PlyCount "66"]
[EventDate "2015.11.13"]
[WhiteTeam "Russia"]
[BlackTeam "Greece"]

1. d4 d5 2. Nf3 Nc6 3. Bf4 Bg4 4. e3 e6 5. c4 Bd6 6. Bg3 Nf6 7. Nc3 O-O 8. Be2
dxc4 9. Bxc4 e5 10. d5 Ne7 11. h3 Bxf3 12. Qxf3 e4 13. Nxe4 Nxe4 14. Qxe4 Bxg3
15. fxg3 Qd6 16. O-O Ng6 17. g4 Rae8 18. Qd4 b6 19. Rac1 Re7 20. Rc3 Rfe8 21.
Bb5 Rd8 22. Bc6 a5 23. Rfc1 Qg3 24. Qd2 h6 25. Qf2 Qe5 26. Qf5 Qg3 27. Qf3 Qe5
28. a3 Rd6 29. Qf5 Qg3 30. Qf2 Qe5 31. Qf5 Qg3 32. Qf2 Qe5 33. Qf5 Qg3 1/2-1/2

[Event "Women European Team Championship 2015"]
[Site "Reykjavik ISL"]
[Date "2015.11.13"]
[Round "1"]
[White "Pavlidou, Ekaterini"]
[Black "Gunina, Valentina"]
[Result "0-1"]
[WhiteElo "2235"]
[BlackElo "2516"]
[PlyCount "84"]
[EventDate "2015.11.13"]
[WhiteTeam "Greece"]
[BlackTeam "Russia"]

1. d4 Nf6 2. c4 e6 3. Nf3 b6 4. g3 Ba6 5. b3 Bb4+ 6. Bd2 Bxd2+ 7. Nbxd2 d5 8.
Bg2 O-O 9. O-O Nbd7 10. Re1 c5 11. e3 Rc8 12. Rc1 Qe7 13. Ne5 Rfd8 14. f4 Nf8
15. Qe2 cxd4 16. exd4 dxc4 17. Ndf3 b5 18. Ng5 Rxd4 19. Qf2 Qc5 20. b4 Qb6 21.
Rc2 Rc7 22. Ngf3 Rd6 23. Qxb6 Rxb6 24. Nd4 Rd6 25. Rd1 Bb7 26. Bxb7 Rxb7 27.
Kf2 Nd5 28. a3 f6 29. Nef3 Ne7 30. Re1 a6 31. Rcc1 Rbd7 32. Ne2 Rd3 33. Ra1 Nf5
34. a4 Ne3 35. Rec1 Ng4+ 36. Kg2 e5 37. Nc3 exf4 38. axb5 axb5 39. gxf4 Ne6 40.
Kg3 Nxh2 41. Kxh2 Rxf3 42. Kg2 Rdd3 0-1

[Event "Women European Team Championship 2015"]
[Site "Reykjavik ISL"]
[Date "2015.11.14"]
[Round "2"]
[White "Dzagnidze, Nana"]
[Black "Atalik, Ekaterina"]
[Result "1-0"]
[WhiteElo "2566"]
[BlackElo "2385"]
[PlyCount "105"]
[EventDate "2015.11.13"]
[WhiteTeam "Georgia"]
[BlackTeam "Turkey"]

1. d4 Nf6 2. c4 g6 3. g3 Bg7 4. Bg2 d5 5. cxd5 Nxd5 6. Nf3 Nb6 7. Nc3 Nc6 8. e3
O-O 9. O-O a5 10. Nh4 a4 11. Qe2 Bf6 12. Rd1 a3 13. b3 Bd7 14. Nb5 Ra5 15. Nxa3
Bxh4 16. gxh4 e6 17. Nc4 Nxc4 18. bxc4 Rh5 19. f4 Qxh4 20. Bf3 Ra5 21. Rb1 b6
22. d5 exd5 23. cxd5 Ne7 24. d6 cxd6 25. Rxb6 Be6 26. a3 Nd5 27. Rxd6 Nc3 28.
Qe1 Qxe1+ 29. Rxe1 Nb5 30. Rd3 Bc4 31. Rd7 Be6 32. Rd3 Bc4 33. Rd7 Be6 34. Rb7
Nxa3 35. Bd2 Rb5 36. Ra7 Nc4 37. Bc3 Rb3 38. Bd4 Nd2 39. Bg2 Nc4 40. Kf2 Rd3
41. Rea1 Rd2+ 42. Kg1 Nd6 43. Bc3 Rd3 44. Bb4 Rd8 45. Bc5 Nf5 46. Ra8 Rxa8 47.
Rxa8+ Kg7 48. e4 Nh4 49. Bf1 Rd2 50. Bf8+ Kf6 51. Ra3 Bg4 52. Bh3 h5 53. Ra6+
1-0

[Event "Women European Team Championship 2015"]
[Site "Reykjavik ISL"]
[Date "2015.11.14"]
[Round "2"]
[White "Isgandarova, Khayala"]
[Black "Batsiashvili, Nino"]
[Result "0-1"]
[WhiteElo "2200"]
[BlackElo "2509"]
[PlyCount "146"]
[EventDate "2015.11.13"]
[WhiteTeam "Turkey"]
[BlackTeam "Georgia"]

1. e4 e5 2. Nf3 Nc6 3. Bb5 a6 4. Ba4 Nge7 5. c3 g6 6. O-O Bg7 7. d4 exd4 8.
cxd4 O-O 9. Nc3 b5 10. Bc2 d6 11. d5 Na5 12. Rb1 Nc4 13. Nd4 Bb7 14. b3 Ne5 15.
Bb2 Rc8 16. Qd2 c5 17. dxc6 N7xc6 18. Nce2 Nxd4 19. Nxd4 Qh4 20. f4 Ng4 21. Nf3
Qh5 22. Bxg7 Kxg7 23. Qd4+ Kg8 24. Rbc1 Qc5 25. Rfe1 Rfe8 26. Qxc5 Rxc5 27. b4
Rc4 28. Bb3 Rxc1 29. Rxc1 Bxe4 30. Ng5 d5 31. Nxe4 Rxe4 32. Bxd5 Rxb4 33. g3
Ne3 34. Bb3 Nc4 35. Rc3 Kg7 36. Kf2 Nd2 37. Bd5 Ne4+ 38. Bxe4 Rxe4 39. Ra3 Re6
40. Kf3 Kf6 41. g4 Rc6 42. Ke4 Ke6 43. Kd4 Kd6 44. g5 Ke6 45. Ke4 Rc4+ 46. Ke3
Kf5 47. Rxa6 Re4+ 48. Kd3 Rxf4 49. Ra5 Kxg5 50. Rxb5+ f5 51. Ke3 Re4+ 52. Kf3
Ra4 53. Rb2 Ra3+ 54. Kf2 Kg4 55. Kg2 f4 56. Kf2 g5 57. Kg2 h5 58. Kf2 h4 59.
Kg1 h3 60. Kf1 Kh4 61. Kg1 g4 62. Rb4 Kg5 63. Rb5+ Kf6 64. Rb2 Kf5 65. Rc2 Ke4
66. Rb2 g3 67. hxg3 fxg3 68. Rb8 Rxa2 69. Re8+ Kf5 70. Rf8+ Ke6 71. Re8+ Kf7
72. Re1 Kf6 73. Rb1 Ra4 0-1

[Event "Women European Team Championship 2015"]
[Site "Reykjavik ISL"]
[Date "2015.11.14"]
[Round "2"]
[White "Muzychuk, Mariya"]
[Black "Socko, Monika"]
[Result "1-0"]
[WhiteElo "2542"]
[BlackElo "2445"]
[PlyCount "97"]
[EventDate "2015.11.13"]
[WhiteTeam "Ukraine"]
[BlackTeam "Poland"]

1. e4 c5 2. Nf3 d6 3. d4 cxd4 4. Nxd4 Nf6 5. Nc3 g6 6. Be3 Bg7 7. f3 O-O 8. Qd2
Nc6 9. O-O-O d5 10. exd5 Nxd5 11. Nxc6 bxc6 12. Bd4 Bxd4 13. Qxd4 Qb6 14. Na4
Qc7 15. Bc4 Rd8 16. g4 Be6 17. Nc5 Nf4 18. Nxe6 Nxe6 19. Qe4 Qf4+ 20. Qxf4 Nxf4
21. Rhe1 Kf8 22. Re5 Rxd1+ 23. Kxd1 Rd8+ 24. Ke1 f6 25. Ra5 Rd7 26. Ra6 Ng2+
27. Ke2 Nf4+ 28. Ke3 Nd5+ 29. Bxd5 cxd5 30. f4 Kf7 31. f5 h5 32. h3 Rb7 33. b3
Rb4 34. fxg6+ Kxg6 35. gxh5+ Kf5 36. Rxa7 e5 37. h6 Rh4 38. h7 Rxh3+ 39. Kf2 e4
40. a4 Kf4 41. Rf7 f5 42. a5 d4 43. Kg2 Rh6 44. a6 d3 45. cxd3 exd3 46. Rd7 d2
47. a7 Rxh7 48. a8=Q Rxd7 49. Qa4+ 1-0